000 00744nam a2200253 i 4500
001 000031405
003 DO-SdBNP
005 20240731085720.0
007 ta
008 240731s1969 dr a 000 | spa d
040 _aDO-SdBNP
_bspa
_cBNPHU
_erda
082 4 _b C794i
_222
100 1 _aCordero Michel, José
_eautor
_957822
245 1 0 _aInforme sobre la República Dominicana /
_cJosé R. Cordero Michel
264 _aCiudad no identificada :
_bEditorial no identificada,
_c1969.
300 _a36 páginas ;
_c30 cm.
336 _2rdacontent
_atexto
_btxt
337 _2rdamedia
_asin mediación
_bnc
338 _2rdacarrier
_avolumen
_bnc
590 _aInventariado, 2024/DG
700 _957823
700 _957824
942 _2ddc
_cLBS1
999 _c57371
_d57371